Normal view
MARC view
- Birth control -- Jordan
Entry Topical Term
001 - CONTROL NUMBER
- control field: 3509
003 - CONTROL NUMBER IDENTIFIER
- control field: JO-AjAnu
005 - DATE AND TIME OF LATEST TRANSACTION
- control field: 20230606070858.0
008 - FIXED-LENGTH DATA ELEMENTS
- fixed length control field: 230606|| aca||aabn | a|a d
040 ## - CATALOGING SOURCE
- Original cataloging agency: JO-AjAnu
- Transcribing agency: JO-AjAnu
150 ## - HEADING--TOPICAL TERM
- Topical term or geographic name entry element: Birth control -- Jordan
670 ## - SOURCE DATA FOUND
- Source citation: Work cat.: (JO-AjAnu)1830: Jordan. Higher Population Council, author 3508, Feasibility of family planning Services Inclusion Within Public and Private Employers Health Insurance Plans